000 00383nam a2200157Ia 4500
100 _aSloss/Andrew N
650 _aoptimizing sytem software
942 _cBK
366 _f25
245 _aARM system Developers's guide:Designing and optimizing system software
260 _bElsevier
_c2004
082 _a4.1
_bSLO
300 _a689
546 _aENGLISH
_cComputers
999 _c30968
_d30968